| 000 | 00922pam a2200301 a 4500 | ||
|---|---|---|---|
| 001 | 4926848 | ||
| 003 | OSt | ||
| 005 | 20140310181632.0 | ||
| 008 | 951023s1996 nyua j 001 0 eng | ||
| 010 | _a 95042542 | ||
| 020 | _a9719200421 | ||
| 040 |
_aDLC _cDLC _dDLC |
||
| 042 | _alcac | ||
| 050 | 0 | 0 |
_aPN 6371.5 _b.W246 2000 |
| 082 | 0 | 0 |
_aFIL 817.54 _bW18 2000 |
| 100 | 1 | _aGallant, Morrie. | |
| 245 | 1 | 0 |
_aWorld's funniest jokes / _cJohn Wangli. |
| 260 |
_aManila, Philippines : _bWorldlink Marketing Corporation, _cc2000. |
||
| 300 |
_a103 p. : _bill. ; _c22 cm. |
||
| 562 | _eFor circulation. One copy available in the collection. | ||
| 650 | 0 | _aRiddles, Juvenile. | |
| 650 | 1 | _aRiddles. | |
| 650 | 1 | _aJokes. | |
| 856 | 4 | 2 |
_3Publisher description _uhttp://www.loc.gov/catdir/description/ste021/95042542.html |
| 906 |
_a7 _bcbc _corignew _d1 _eocip _f19 _gy-gencatlg |
||
| 942 |
_2lcc _cBK |
||
| 999 |
_c536 _d536 |
||